Statistics for European Cities by Picture #2

Click here to take the quiz!

General Stats

  • This quiz has been taken 29,304 times
  • The average score is 9 of 15

Answer Stats

Answer% Correct
London
99%
Venice
96%
Pisa
95%
Athens
93%
Moscow
78%
Amsterdam
73%
Brussels
66%
Vienna
55%
Edinburgh
43%
Frankfurt
40%
Oslo
34%
Bilbao
33%
Kyiv
32%
Gibraltar
31%
Zürich
28%

Score Distribution

Percentile by Number Answered

Percent of People with Each Score

Your Score History

You have not taken this quiz